000 01099nam a2200289 a 4500
999 _c490007
_d490007
003 BLK
005 20250612113133.0
008 230323b bul|||||r ||||||| ||bul||
010 _aKNG00202946000
020 _a9789542839453
040 _aBLK
041 _aBUL
_cBUL
080 _aАмериканска литература (на САЩ)
_b821.111(73)
_x-31
_z821.111(73)-31
100 _aАдамс, Сара
_eпърви автор
_9486961
139 _aАдамс, Сара
_bА 28
245 1 0 _aДа измамиш джентълмен
_cСара Адамс; прев. от англ. Рая Делчева
257 _aBGR
260 _aСофия
_bСиела Норма
_c2022
_f([София] : Алианс принт)
300 _a328 с.
_c21 см
380 _aX
500 _aОриг. загл.: To con a gentleman / Sarah Adams. - За автора: с. 327
700 _aДелчева, Рая
_eпрев. от англ.
_91021
856 4 _qpdf
_i0.00
_ldisable
856 4 _qpdf
_i0.00
_ldisable
942 _cKNG
_n0
_076
_s1
944 _k30531
_lЦветелина Шанова